Reaching reconciliation : (Record no. 1666)
[ view plain ]
| 000 -LEADER | |
|---|---|
| fixed length control field | 00597nam a2200193 4500 |
| 003 - CONTROL NUMBER IDENTIFIER | |
| control field | OSt |
| 005 - DATE AND TIME OF LATEST TRANSACTION | |
| control field | 20150429172554.0 |
| 008 - FIXED-LENGTH DATA ELEMENTS--GENERAL INFORMATION | |
| fixed length control field | 150429b xxu||||| |||| 00| 0 eng d |
| 020 ## - INTERNATIONAL STANDARD BOOK NUMBER | |
| International Standard Book Number | 9187748665 |
| 040 ## - CATALOGING SOURCE | |
| Transcribing agency | 040a |
| 082 ## - DEWEY DECIMAL CLASSIFICATION NUMBER | |
| Classification number | 234.5 |
| Item number | REA 2000 |
| 245 ## - TITLE STATEMENT | |
| Title | Reaching reconciliation : |
| Remainder of title | churches in the transition to democracy in Eastern and Central Europe / |
| Statement of responsibility, etc. | Lucia Ann McSpadden |
| 260 ## - PUBLICATION, DISTRIBUTION, ETC. (IMPRINT) | |
| Place of publication, distribution, etc. | Sweden |
| Name of publisher, distributor, etc. | Publication for peace education |
| Date of publication, distribution, etc. | 2000 |
| 300 ## - PHYSICAL DESCRIPTION | |
| Extent | xxviii, 245p : |
| Dimensions | 10cm |
| 504 ## - BIBLIOGRAPHY, ETC. NOTE | |
| Bibliography, etc | includes index |
| 650 ## - SUBJECT ADDED ENTRY--TOPICAL TERM | |
| Topical term or geographic name as entry element | church |
| 9 (RLIN) | 4395 |
| 700 ## - ADDED ENTRY--PERSONAL NAME | |
| Personal name | McSpadden, Lucia Ann |
| 9 (RLIN) | 4396 |
| 942 ## - ADDED ENTRY ELEMENTS (KOHA) | |
| Source of classification or shelving scheme | Dewey Decimal Classification |
| Koha item type | Short Loan |
| Withdrawn status | Lost status | Source of classification or shelving scheme | Damaged status | Not for loan | Home library | Current library | Date acquired | Source of acquisition | Inventory number | Total Checkouts | Full call number | Barcode | Date last seen | Koha item type |
|---|---|---|---|---|---|---|---|---|---|---|---|---|---|---|
| Dewey Decimal Classification | MUST Main Library | MUST Main Library | 29/04/2015 | 2006/27603 | 234.5 REA 2000 | 2015-1265 | 29/04/2015 | Short Loan | ||||||
| Dewey Decimal Classification | MUST Main Library | MUST Main Library | 07/03/2016 | 2006/27600 | 234.5 REA 2000 | 2016-0348 | 07/03/2016 | Short Loan | ||||||
| Dewey Decimal Classification | MUST Main Library | MUST Main Library | 08/04/2016 | 2006/27599 | 234.5 REA 2000 | 2016-0669 | 08/04/2016 | Short Loan | ||||||
| Dewey Decimal Classification | MUST Main Library | MUST Main Library | 13/04/2016 | 06/27606 | 234.5 REA 2000 | 2016-0858 | 13/04/2016 | Short Loan | ||||||
| Dewey Decimal Classification | MUST Main Library | MUST Main Library | 06/09/2021 | Purchase | 06/27605 | 234.5 REA 2000 | 2021-0854 | 06/09/2021 | Open Shelf | |||||
| Dewey Decimal Classification | MUST Main Library | MUST Main Library | 06/09/2021 | Purchase | 06/27602 | 234.5 REA 2000 | 2021-0855 | 06/09/2021 | Open Shelf |
